[Event "XXV Weekend Magistrale"]
[Site "Robecchetto con Induno ITA"]
[Date "2014.12.28"]
[Round "4"]
[White "Berni, Fabrizio"]
[Black "Di Chiara, Mauro"]
[WhiteElo "2121"]
[BlackElo "1924"]
[Result "1-0"]
[PlyCount "57"]
[EventDate "2014.12.26"]

1. e4 g6 2. d4 Bg7 3. Nc3 d6 4. Be3 a6 5. Qd2 b5 6. f3 Nd7 7. a4 b4 8. Nd1 a5
9. Bd3 Bb7 10. Ne2 c5 11. c3 Rc8 12. Bb5 cxd4 13. cxd4 Ngf6 14. Nf2 O-O 15. O-O
Nb6 16. b3 Nbd7 17. Rfd1 Nb8 18. Rac1 Ba6 19. Bxa6 Nxa6 20. Rxc8 Qxc8 21. Rc1
Qb7 22. Qc2 Rd8 23. Nd3 Nd7 24. h3 f5 25. exf5 gxf5 26. Ndf4 Bh6 27. Qxf5 Nf6
28. Qe6+ Kg7 29. Nh5+ 1-0

[Event "XXV Weekend Magistrale"]
[Site "Robecchetto con Induno ITA"]
[Date "2014.12.28"]
[Round "4"]
[White "Bianchi, Alberto"]
[Black "Pirrello, Christian"]
[WhiteElo "1924"]
[BlackElo "1862"]
[Result "1/2-1/2"]
[PlyCount "128"]
[EventDate "2014.12.26"]

1. e4 e6 2. Nf3 d5 3. Qe2 dxe4 4. Qxe4 Nf6 5. Qa4+ Nbd7 6. d4 Be7 7. Bd3 O-O 8.
c3 c5 9. Qd1 b6 10. Be3 Bb7 11. Nbd2 Rc8 12. Qe2 cxd4 13. Bxd4 Bc5 14. O-O Bxd4
15. cxd4 Nb8 16. Rfd1 Nc6 17. Ne4 Nb4 18. Nxf6+ Qxf6 19. Be4 Bxe4 20. Qxe4 Nd5
21. g3 Rc7 22. Rac1 Rfc8 23. Rxc7 Rxc7 24. Rd2 h6 25. Kg2 Qd8 26. a3 Qc8 27.
Ne5 Nf6 28. Qf3 Rc1 29. h4 Qa6 30. Rd3 Qc8 31. g4 Rc7 32. g5 hxg5 33. hxg5 Nd5
34. Qe4 Qd8 35. Qh4 Ne7 36. Rh3 Qd5+ 37. Kh2 Ng6 38. Qh7+ Kf8 39. Nxg6+ fxg6
40. Qxg6 Rf7 41. Rh8+ Ke7 42. Qc2 Qxg5 43. Qc7+ Kf6 44. Qd8+ Kg6 45. Qxg5+ Kxg5
46. Kg3 Rd7 47. Ra8 Kf6 48. Kf3 Rc7 49. Ke4 g6 50. f4 Rc2 51. Rxa7 Rxb2 52. Ra6
Rb3 53. a4 Rb4 54. Ra8 Rb1 55. Rf8+ Ke7 56. Rg8 Kf6 57. Rb8 Ra1 58. Ra8 Rb1 59.
Kd3 Kf5 60. Rf8+ Kg4 61. Rf6 Ra1 62. Rxg6+ Kf5 63. Rg5+ Kxf4 64. Re5 Ra3+
1/2-1/2

[Event "XXV Weekend Magistrale"]
[Site "Robecchetto con Induno ITA"]
[Date "2014.12.28"]
[Round "4"]
[White "Briata, Federico"]
[Black "Boschetti, Claudio"]
[WhiteElo "2041"]
[BlackElo "2140"]
[Result "0-1"]
[PlyCount "120"]
[EventDate "2014.12.26"]

1. e4 Nf6 2. e5 Nd5 3. d4 Nb6 4. Nf3 d5 5. Bd3 Bg4 6. h3 Bxf3 7. Qxf3 e6 8. Be3
Nc6 9. c3 Qd7 10. Bg5 Be7 11. Bxe7 Qxe7 12. Qe2 a6 13. Nd2 Na4 14. Nf3 b5 15.
Qc2 Nb8 16. b4 h6 17. h4 Nd7 18. Rh3 O-O-O 19. Kf1 Kb7 20. c4 dxc4 21. Bxc4
bxc4 22. Qxa4 Nb6 23. Qc2 Ka7 24. Rb1 g5 25. Nd2 Rxd4 26. Ne4 Rhd8 27. hxg5
hxg5 28. Nc5 R8d5 29. Ra3 Rxc5 30. bxc5 Qxc5 31. Rf3 Qxe5 32. Rxf7 Rh4 33. Rh7
Qh2 34. Rxh4 gxh4 35. Qe4 c3 36. Ke2 Qd6 37. Qe3 Qd5 38. Rc1 Qxa2+ 39. Kf1 Qc4+
40. Kg1 c2 41. Qd2 Nd5 42. Rxc2 Qg4 43. f3 Qa4 44. Ra2 Qc6 45. Qf2+ Qb6 46. Kh2
Qxf2 47. Rxf2 c5 48. Rc2 Kb6 49. Kh3 Kb5 50. Kxh4 c4 51. g4 c3 52. Re2 Nf4 53.
Ra2 a5 54. Kg3 Ng6 55. Kf2 Kb4 56. Ke3 a4 57. Kd4 e5+ 58. Kd3 Kb3 59. Rxa4 Nf4+
60. Rxf4 exf4 0-1

[Event "XXV Weekend Magistrale"]
[Site "Robecchetto con Induno ITA"]
[Date "2014.12.28"]
[Round "4"]
[White "Coppola, Federico"]
[Black "Ubezio, Marco"]
[WhiteElo "2087"]
[BlackElo "2090"]
[Result "1/2-1/2"]
[PlyCount "32"]
[EventDate "2014.12.26"]

1. Nf3 d5 2. g3 c6 3. c4 Bg4 4. Bg2 e6 5. b3 Nd7 6. Bb2 Ngf6 7. O-O Bd6 8. d3
O-O 9. Nbd2 Qe7 10. Qc2 Ba3 11. Bxa3 Qxa3 12. cxd5 cxd5 13. Rfc1 Bxf3 14. Nxf3
Nb6 15. Qc5 Qb2 16. Qc2 Qa3 1/2-1/2

[Event "XXV Weekend Magistrale"]
[Site "Robecchetto con Induno ITA"]
[Date "2014.12.28"]
[Round "4"]
[White "Damia, Angelo"]
[Black "Nemeth, Zoltan"]
[WhiteElo "2177"]
[BlackElo "2312"]
[Result "1-0"]
[PlyCount "101"]
[EventDate "2014.12.26"]

1. e4 c5 2. Nf3 a6 3. c4 d6 4. d4 cxd4 5. Nxd4 Nf6 6. Nc3 g6 7. Be2 Bg7 8. Be3
Bd7 9. f3 Nc6 10. Qd2 h5 11. Nxc6 Bxc6 12. Nd5 Nd7 13. O-O O-O 14. Rac1 a5 15.
b3 Re8 16. Rfd1 Nc5 17. Qe1 b6 18. Qh4 Rb8 19. Rc2 Qd7 20. Nxb6 Rxb6 21. Bxc5
dxc5 22. Rxd7 Bxd7 23. Rd2 Bd4+ 24. Rxd4 cxd4 25. e5 Be6 26. Qxd4 Reb8 27. Kf2
R6b7 28. Qc3 a4 29. Bd1 axb3 30. axb3 Rd8 31. Bc2 Ra7 32. b4 Ra2 33. Kg3 Bf5
34. Bxf5 gxf5 35. Qe3 Rdd2 36. Qg5+ Kf8 37. Qxf5 Rxg2+ 38. Kf4 e6 39. Qxh5 Rxh2
40. Qg5 Rac2 41. Qd8+ Kg7 42. Qf6+ Kg8 43. Qd8+ Kh7 44. Qf8 Rxc4+ 45. Kg3 Rh6
46. Qxf7+ Kh8 47. Qf8+ Kh7 48. Qf7+ Kh8 49. b5 Rc8 50. b6 Rg8+ 51. Qxg8+ 1-0

[Event "XXV Weekend Magistrale"]
[Site "Robecchetto con Induno ITA"]
[Date "2014.12.28"]
[Round "4"]
[White "Linder, Oliver"]
[Black "Vitale, Alessandro"]
[WhiteElo "1985"]
[BlackElo "1882"]
[Result "1-0"]
[PlyCount "109"]
[EventDate "2014.12.26"]

1. d4 f5 2. Bf4 Nf6 3. e3 b6 4. Nf3 Bb7 5. Bd3 e6 6. c4 Bb4+ 7. Nc3 O-O 8. O-O
Bxc3 9. bxc3 d6 10. Bg3 Ne4 11. Bxe4 Bxe4 12. Bh4 Bxf3 13. Qxf3 Qxh4 14. Qxa8
Nd7 15. Qf3 Rf6 16. Qf4 Qh5 17. Qf3 Qe8 18. Rfe1 e5 19. Qd5+ Qe6 20. e4 f4 21.
a4 a5 22. Rab1 Kf8 23. Qxe6 Rxe6 24. f3 Rg6 25. Kf2 Rh6 26. Rh1 Kf7 27. g3 Rf6
28. Rbg1 h5 29. Rg2 Nf8 30. gxf4 exf4 31. Rhg1 g6 32. Rg5 Nd7 33. Rd1 Ke7 34.
Rd5 Re6 35. Rg5 Kf6 36. Rdg1 Kf7 37. Ke2 Rf6 38. Kd3 Re6 39. Rb1 Kf6 40. h4 Kf7
41. Rbb5 c6 42. Rb2 Re8 43. Rbg2 Re6 44. Rg1 Rf6 45. Kd2 Re6 46. R5g2 Kg7 47.
Kd3 Kf7 48. Rb1 Re8 49. Rgb2 Rb8 50. Kd2 c5 51. Kd3 Ke6 52. Rg2 Rg8 53. Rg5 Rg7
54. Rbg1 Nf8 55. Rxh5 1-0

[Event "XXV Weekend Magistrale"]
[Site "Robecchetto con Induno ITA"]
[Date "2014.12.28"]
[Round "4"]
[White "Medici, Simone"]
[Black "Miracola, Giorgia"]
[WhiteElo "2082"]
[BlackElo "1856"]
[Result "1-0"]
[PlyCount "57"]
[EventDate "2014.12.26"]

1. e4 Nf6 2. e5 Nd5 3. c4 Nb6 4. d4 d6 5. f4 g6 6. a4 Bg7 7. a5 N6d7 8. b4 O-O
9. g4 dxe5 10. fxe5 c5 11. bxc5 Qc7 12. Nc3 Nc6 13. Nd5 Qd8 14. Nf3 Ndb8 15. h3
f6 16. exf6 exf6 17. Bf4 Na6 18. Be2 f5 19. g5 Be6 20. Bd6 Re8 21. O-O Bxd5 22.
cxd5 Nxd4 23. Bxa6 bxa6 24. Nxd4 Qxg5+ 25. Kh2 Re3 26. Bf4 Be5 27. Bxe5 Rxe5
28. Ne6 Qh4 29. Rf4 1-0

[Event "XXV Weekend Magistrale"]
[Site "Robecchetto con Induno ITA"]
[Date "2014.12.28"]
[Round "4"]
[White "Mouflih, Caesar Faycal"]
[Black "Quirico, Paolo"]
[WhiteElo "2023"]
[BlackElo "2114"]
[Result "1/2-1/2"]
[PlyCount "71"]
[EventDate "2014.12.26"]

1. e4 c5 2. Nf3 g6 3. c3 Bg7 4. d4 cxd4 5. cxd4 d5 6. e5 Nc6 7. Nc3 Bg4 8. Be2
e6 9. O-O Nge7 10. Bg5 O-O 11. Rc1 Bxf3 12. Bxf3 f6 13. exf6 Bxf6 14. Bxf6 Rxf6
15. Re1 Qb6 16. Bg4 Kf7 17. Na4 Qxd4 18. Qxd4 Nxd4 19. Rc7 h5 20. Bh3 b6 21.
Nc3 Ndc6 22. f4 Rc8 23. Nxd5 Rxc7 24. Nxc7 Rxf4 25. Nxe6 Rb4 26. b3 Rb5 27.
Rf1+ Nf5 28. Bxf5 Rxf5 29. Rxf5+ gxf5 30. Nf4 h4 31. Kf2 Nb4 32. a3 Nc2 33. a4
Kf6 34. Nd3 a5 35. g3 hxg3+ 36. Kxg3 1/2-1/2

[Event "XXV Weekend Magistrale"]
[Site "Robecchetto con Induno ITA"]
[Date "2014.12.28"]
[Round "4"]
[White "Paleologu, Vladimir"]
[Black "Motola, Jacopo"]
[WhiteElo "2158"]
[BlackElo "2069"]
[Result "0-1"]
[PlyCount "80"]
[EventDate "2014.12.26"]

1. e4 e6 2. d4 d5 3. e5 c5 4. Nf3 Nc6 5. Bd3 c4 6. Be2 a6 7. Nbd2 b5 8. c3 Bd7
9. Nf1 h6 10. h4 g6 11. Be3 b4 12. Ng3 a5 13. Nd2 a4 14. a3 bxa3 15. bxa3 Na5
16. Ra2 Nb3 17. Nb1 Ne7 18. h5 g5 19. Nf1 Nf5 20. Rh3 Rb8 21. g4 Nxe3 22. Nxe3
Bg7 23. Qc2 Qb6 24. Nd2 Nxd2 25. Kxd2 O-O 26. Rh1 Be8 27. Raa1 Qa5 28. Rhb1 Rb3
29. Qc1 f6 30. exf6 Bxf6 31. Kd1 Bg7 32. Rxb3 axb3 33. f3 Ba4 34. Qb2 Bxd4 35.
Kd2 Bg7 36. Rc1 Be5 37. Ke1 Bf4 38. Qb1 Be8 39. Nxc4 dxc4 40. Qe4 Qd5 0-1

[Event "XXV Weekend Magistrale"]
[Site "Robecchetto con Induno ITA"]
[Date "2014.12.28"]
[Round "4"]
[White "Ranfagni, Stefano"]
[Black "Sbarra, Marco"]
[WhiteElo "2016"]
[BlackElo "2191"]
[Result "0-1"]
[PlyCount "50"]
[EventDate "2014.12.26"]

1. c4 e5 2. Nc3 Nf6 3. g3 Bb4 4. Bg2 O-O 5. Qb3 Na6 6. Nf3 Re8 7. O-O c6 8. a3
Bf8 9. e4 d6 10. Qc2 Bg4 11. b4 Nc7 12. Bb2 Qd7 13. Rad1 Ne6 14. Ne2 Ng5 15.
Qb3 Nfxe4 16. d4 Bxf3 17. Bxf3 Nxf3+ 18. Qxf3 Ng5 19. Qh5 Qf5 20. g4 Nf3+ 21.
Kg2 Qe4 22. Nc3 Nh4+ 23. Kg3 Qg2+ 24. Kxh4 Qxh2+ 25. Kg5 Be7+ 0-1

[Event "XXV Weekend Magistrale"]
[Site "Robecchetto con Induno ITA"]
[Date "2014.12.28"]
[Round "4"]
[White "Soncin, Denis"]
[Black "Barlocco, Carlo"]
[WhiteElo "2034"]
[BlackElo "2028"]
[Result "0-1"]
[PlyCount "66"]
[EventDate "2014.12.26"]

1. e4 Nc6 2. Nf3 Nf6 3. e5 Nd5 4. d4 d6 5. c4 Nb6 6. e6 fxe6 7. Ng5 e5 8. Bd3
g6 9. Nxh7 Bf5 10. Bxf5 gxf5 11. Qh5+ Kd7 12. Qxf5+ e6 13. Qf7+ Qe7 14. Nf6+
Kd8 15. Qg6 exd4 16. Ng8 Qd7 17. Bg5+ Kc8 18. Nf6 Ne5 19. Nxd7 Nxg6 20. Nxb6+
axb6 21. Bf6 Rh5 22. Bxd4 c5 23. Bc3 d5 24. Na3 d4 25. Bd2 Bg7 26. Nb5 Kd7 27.
f4 e5 28. O-O e4 29. f5 Ne5 30. f6 Bf8 31. b3 Bd6 32. Rae1 Nf3+ 33. gxf3 Rg8+
0-1

[Event "XXV Weekend Magistrale"]
[Site "Robecchetto con Induno ITA"]
[Date "2014.12.28"]
[Round "4"]
[White "Tagliaferri, Valerio"]
[Black "Rossini, Fulvio"]
[WhiteElo "1850"]
[BlackElo "1978"]
[Result "1/2-1/2"]
[PlyCount "125"]
[EventDate "2014.12.26"]

1. Nf3 g6 2. d4 Nf6 3. Nbd2 Bg7 4. e4 d6 5. Bd3 O-O 6. O-O b6 7. Re1 Bb7 8. c3
c5 9. Qc2 cxd4 10. Nxd4 Nc6 11. Nxc6 Bxc6 12. Nf3 Rc8 13. Be3 Bb7 14. Bd4 e5
15. Be3 Nd7 16. Red1 Nc5 17. Bxc5 Rxc5 18. b4 Rc7 19. Rac1 d5 20. exd5 Bxd5 21.
Be4 Bxe4 22. Qxe4 Qe7 23. a3 Rfc8 24. c4 a5 25. c5 axb4 26. axb4 bxc5 27. bxc5
Rxc5 28. Rxc5 Qxc5 29. g3 h6 30. Rd5 Qa7 31. Kg2 Re8 32. Rb5 Qe7 33. h4 f5 34.
Qd5+ Qf7 35. Kf1 Qxd5 36. Rxd5 Kf7 37. Ke2 e4 38. Ne1 Be5 39. Ng2 Kf6 40. Rc5
Bd4 41. Rc6+ Re6 42. Rc4 Ke5 43. Ra4 Rc6 44. Ra2 g5 45. Ra5+ Kf6 46. Ra2 Kg6
47. Rd2 Rc4 48. Ra2 Kh5 49. hxg5 hxg5 50. Rd2 Kg4 51. Ne3+ Bxe3 52. Kxe3 Rc3+
53. Ke2 Rc5 54. Ra2 Rb5 55. Ke3 Rb3+ 56. Ke2 e3 57. Ra4+ f4 58. gxf4 gxf4 59.
fxe3 Rxe3+ 60. Kf2 Rh3 61. Kg2 Rb3 62. Ra2 Re3 63. Kf2 1/2-1/2

[Event "XXV Weekend Magistrale"]
[Site "Robecchetto con Induno ITA"]
[Date "2014.12.28"]
[Round "4"]
[White "Tinelli, Fulvio"]
[Black "Guidi, Maurizio"]
[WhiteElo "1923"]
[BlackElo "2043"]
[Result "1-0"]
[PlyCount "101"]
[EventDate "2014.12.26"]

1. d4 Nf6 2. Nf3 b6 3. Bg5 e6 4. Nbd2 Bb7 5. e3 Be7 6. Bd3 O-O 7. Qe2 c5 8. c3
Nc6 9. O-O d6 10. Rad1 Qc7 11. Rfe1 h6 12. Bh4 cxd4 13. exd4 d5 14. Ne5 Nxe5
15. dxe5 Nh7 16. Bg3 Rfd8 17. f4 g6 18. Nf3 Kg7 19. Nd4 Bc5 20. Bf2 a5 21. g4
Qc8 22. f5 Bxd4 23. Bxd4 Ba6 24. f6+ Kh8 25. Qe3 g5 26. Qh3 Bxd3 27. Rxd3 Rd7
28. Qxh6 Qf8 29. Rh3 Qxh6 30. Rxh6 Kg8 31. Rh5 Rc8 32. Re3 Nf8 33. Rxg5+ Ng6
34. Rh3 Rdc7 35. Rh6 Kf8 36. Kf2 Ke8 37. Ke3 Kd7 38. h4 b5 39. h5 Nh4 40. Rg7
Kc6 41. Kf2 b4 42. Kg3 bxc3 43. bxc3 Rb8 44. Kxh4 Rb2 45. Rhh7 Rcb7 46. Rxf7
Rh2+ 47. Kg5 Rb8 48. a4 Rc8 49. Rhg7 Rh1 50. Re7 Rxh5+ 51. gxh5 1-0

[Event "XXV Weekend Magistrale"]
[Site "Robecchetto con Induno ITA"]
[Date "2014.12.28"]
[Round "4"]
[White "Ventura, Salvatore"]
[Black "Cereda, Loris"]
[WhiteElo "2049"]
[BlackElo "2172"]
[Result "0-1"]
[PlyCount "90"]
[EventDate "2014.12.26"]

1. c4 Nf6 2. g3 e5 3. Bg2 c6 4. d4 Bb4+ 5. Bd2 Bxd2+ 6. Qxd2 exd4 7. Nf3 c5 8.
O-O O-O 9. e3 dxe3 10. Qxe3 d6 11. Nc3 Nc6 12. Rad1 Be6 13. b3 a6 14. Qd2 Qa5
15. Nd5 Bxd5 16. cxd5 Qxd2 17. Nxd2 Nd4 18. Nc4 Rad8 19. Rfe1 b5 20. Na5 Rde8
21. Kf1 Rxe1+ 22. Rxe1 Ng4 23. f3 Nf6 24. f4 Rc8 25. Nb7 Nf5 26. Bh3 Rc7 27. g4
Rxb7 28. g5 Re7 29. gxf6 Rxe1+ 30. Kxe1 Ne3 31. Bc8 a5 32. Ba6 b4 33. Bb7 g6
34. Ke2 Ng4 35. Kd3 Nxf6 36. Kc4 Nh5 37. f5 gxf5 38. Bc8 f4 39. Bg4 Nf6 40. Bf3
Nd7 41. Kb5 Ne5 42. Be2 f3 43. Bf1 f2 44. Kxa5 Ng4 45. Kb5 Kf8 0-1

[Event "XXV Weekend Magistrale"]
[Site "Robecchetto con Induno ITA"]
[Date "2014.12.29"]
[Round "5"]
[White "Bianchi, Alberto"]
[Black "Soncin, Denis"]
[WhiteElo "1924"]
[BlackElo "2034"]
[Result "0-1"]
[PlyCount "96"]
[EventDate "2014.12.26"]

1. e4 c5 2. Nf3 a6 3. d4 cxd4 4. Nxd4 Nf6 5. Nc3 e5 6. Nde2 Bc5 7. Bg5 Bxf2+ 8.
Kd2 Qb6 9. Kc1 Be3+ 10. Bxe3 Qxe3+ 11. Qd2 Qxd2+ 12. Kxd2 b5 13. Ng3 d6 14. Bd3
Be6 15. Rhe1 g6 16. Rf1 Ke7 17. h3 Nbd7 18. Rf2 Nb6 19. Raf1 Nfd7 20. Re1 Rhf8
21. Kc1 Nc5 22. Be2 f5 23. Bf3 Rac8 24. Rd2 b4 25. Nd5+ Bxd5 26. exd5 b3 27.
Kb1 bxc2+ 28. Rxc2 Nd3 29. Rxc8 Rxc8 30. Rd1 Nf4 31. Ne2 Nxe2 32. Bxe2 a5 33.
Bb5 Rc5 34. Bc6 e4 35. a3 a4 36. b3 axb3 37. Kb2 Nc4+ 38. Kxb3 Na5+ 39. Kb4
Nxc6+ 40. dxc6 Rxc6 41. a4 e3 42. a5 Kd7 43. g3 g5 44. Rf1 Rc5 45. a6 Kc7 46.
Ra1 Kb8 47. Rd1 e2 48. Rxd6 Re5 0-1

[Event "XXV Weekend Magistrale"]
[Site "Robecchetto con Induno ITA"]
[Date "2014.12.29"]
[Round "5"]
[White "Boschetti, Claudio"]
[Black "Tinelli, Fulvio"]
[WhiteElo "2140"]
[BlackElo "1923"]
[Result "1/2-1/2"]
[PlyCount "74"]
[EventDate "2014.12.26"]

1. e4 e6 2. c4 c5 3. Nc3 Nc6 4. g3 Nge7 5. Bg2 g6 6. Nge2 Bg7 7. O-O O-O 8. d3
d6 9. Be3 e5 10. Qd2 Be6 11. Nd5 Qd7 12. a3 Nd4 13. Nxd4 cxd4 14. Nxe7+ Qxe7
15. Bh6 Qd7 16. Bxg7 Kxg7 17. f4 f6 18. h4 h6 19. h5 g5 20. f5 Bf7 21. Bf3 b5
22. b3 Rab8 23. Rfb1 Rb6 24. Be2 Rfb8 25. b4 bxc4 26. dxc4 Qb7 27. Bd3 Rc8 28.
Rc1 Rbc6 29. Qe2 Qc7 30. Rc2 Qb6 31. Kh2 R8c7 32. g4 Qb8 33. Rac1 Qc8 34. b5
Rc5 35. a4 a5 36. Kg3 Rb7 37. Rb1 Rb6 1/2-1/2

[Event "XXV Weekend Magistrale"]
[Site "Robecchetto con Induno ITA"]
[Date "2014.12.29"]
[Round "5"]
[White "Cereda, Loris"]
[Black "Berni, Fabrizio"]
[WhiteElo "2172"]
[BlackElo "2121"]
[Result "1-0"]
[PlyCount "41"]
[EventDate "2014.12.26"]

1. e4 c5 2. Nf3 e6 3. b3 Nf6 4. e5 Nd5 5. Bb2 Be7 6. g3 O-O 7. c4 Nc7 8. Bg2 f6
9. O-O Nc6 10. d4 cxd4 11. exf6 Bxf6 12. Nxd4 Ne8 13. Na3 Qe7 14. Nac2 Qf7 15.
f4 Kh8 16. Ne3 Qe7 17. Qd2 Rb8 18. Rad1 a6 19. Rfe1 Nxd4 20. Bxd4 b5 21. Ba7
1-0

[Event "XXV Weekend Magistrale"]
[Site "Robecchetto con Induno ITA"]
[Date "2014.12.29"]
[Round "5"]
[White "Di Chiara, Mauro"]
[Black "Barlocco, Carlo"]
[WhiteElo "1924"]
[BlackElo "2028"]
[Result "0-1"]
[PlyCount "66"]
[EventDate "2014.12.26"]

1. Nf3 Nc6 2. g3 e5 3. d3 d5 4. Bg2 Nf6 5. O-O Bd6 6. c4 dxc4 7. dxc4 O-O 8.
Nc3 h6 9. b3 Bf5 10. Bb2 Qe7 11. a3 Rfd8 12. Nd5 Qe6 13. b4 Bf8 14. Nxf6+ gxf6
15. Qb3 a5 16. Nh4 Bh7 17. Bd5 Qg4 18. Qe3 axb4 19. axb4 Rxa1 20. Rxa1 Nxb4 21.
Bf3 Qxc4 22. Rc1 Nc2 23. Qa7 b6 24. Qb7 Qb4 25. Ba1 Qa3 26. Rf1 Nxa1 27. Qxc7
Rd6 28. Bh5 Qa2 29. Kg2 Nc2 30. Rc1 Be4+ 31. Kh3 Rc6 32. Qb7 Qe6+ 33. g4 Rc3+
0-1

[Event "XXV Weekend Magistrale"]
[Site "Robecchetto con Induno ITA"]
[Date "2014.12.29"]
[Round "5"]
[White "Miracola, Giorgia"]
[Black "Ranfagni, Stefano"]
[WhiteElo "1856"]
[BlackElo "2016"]
[Result "0-1"]
[PlyCount "70"]
[EventDate "2014.12.26"]

1. g3 d5 2. Bg2 c6 3. d3 Nf6 4. Nd2 g6 5. Ngf3 Bg7 6. e4 dxe4 7. dxe4 O-O 8.
O-O Bg4 9. h3 Bxf3 10. Qxf3 Nbd7 11. Nc4 b5 12. Na3 Ne5 13. Qe2 Qc7 14. Be3
Rfd8 15. f4 Nh5 16. Qf2 b4 17. fxe5 bxa3 18. g4 axb2 19. Rab1 Ng3 20. Qxg3 Bxe5
21. Qf2 f6 22. Kh1 Rab8 23. Bxa7 Rb7 24. Bc5 Qa5 25. a3 Rd2 26. Qe3 Rxc2 27.
Bb4 Qb5 28. Rfd1 Qc4 29. Bf1 Rh2+ 30. Kg1 Qc2 31. Qf3 c5 32. Be1 Bd4+ 33. Rxd4
cxd4 34. Bd3 Qc7 35. Bg3 Rxh3 0-1

[Event "XXV Weekend Magistrale"]
[Site "Robecchetto con Induno ITA"]
[Date "2014.12.29"]
[Round "5"]
[White "Motola, Jacopo"]
[Black "Damia, Angelo"]
[WhiteElo "2069"]
[BlackElo "2177"]
[Result "0-1"]
[PlyCount "60"]
[EventDate "2014.12.26"]

1. e4 Nf6 2. e5 Nd5 3. d4 d6 4. c4 Nb6 5. exd6 cxd6 6. Nf3 g6 7. d5 Bg7 8. Bd3
Na6 9. Na3 O-O 10. O-O Nb4 11. Be2 Bd7 12. Qd2 a5 13. Nd4 Na4 14. b3 Qb6 15.
bxa4 Qxd4 16. Qxd4 Bxd4 17. Rb1 Bxa4 18. Bd2 b6 19. Bxb4 axb4 20. Nb5 Bxb5 21.
cxb5 Rxa2 22. Bc4 Rb2 23. Rxb2 Bxb2 24. Rb1 Rc8 25. Bb3 Rc3 26. Bd1 Rd3 27. Be2
Rd2 28. Bc4 Bd4 29. Rxb4 Bxf2+ 30. Kf1 Bc5 0-1

[Event "XXV Weekend Magistrale"]
[Site "Robecchetto con Induno ITA"]
[Date "2014.12.29"]
[Round "5"]
[White "Mouflih, Caesar Faycal"]
[Black "Tagliaferri, Valerio"]
[WhiteElo "2023"]
[BlackElo "1850"]
[Result "1-0"]
[PlyCount "39"]
[EventDate "2014.12.26"]

1. e4 c6 2. Nf3 d5 3. Nc3 Nf6 4. e5 Nfd7 5. d4 e6 6. Bd3 c5 7. O-O Nc6 8. Bg5
f6 9. exf6 Nxf6 10. Re1 cxd4 11. Ne2 Bb4 12. c3 dxc3 13. bxc3 Ba5 14. Qc2 Qd6
15. Bf4 Qc5 16. Rab1 a6 17. Ng5 h6 18. Bg6+ Kf8 19. Nf7 Rg8 20. Bd6+ 1-0

[Event "XXV Weekend Magistrale"]
[Site "Robecchetto con Induno ITA"]
[Date "2014.12.29"]
[Round "5"]
[White "Nemeth, Zoltan"]
[Black "Coppola, Federico"]
[WhiteElo "2312"]
[BlackElo "2087"]
[Result "1-0"]
[PlyCount "68"]
[EventDate "2014.12.26"]

1. c4 c5 2. g3 g6 3. Bg2 Bg7 4. Nc3 Nc6 5. e4 d6 6. d3 e6 7. h4 h6 8. Be3 Nge7
9. Qd2 Nd4 10. h5 g5 11. f4 g4 12. Nge2 f5 13. Bxd4 cxd4 14. Nb5 Qb6 15. Qb4
Kd7 16. e5 dxe5 17. c5 Nc6 18. Qc4 Qa5+ 19. Kd1 Ke7 20. a3 Bd7 21. Nd6 b5 22.
Qc1 Rab8 23. b4 Qc7 24. Re1 Kf8 25. Bxc6 Bxc6 26. fxe5 Bxe5 27. Nf4 Bxf4 28.
Qxf4 Bd5 29. Re5 Rh7 30. Kd2 Qd8 31. Rae1 Kg8 32. Qxd4 Qg5+ 33. Kc3 Rd7 34.
Nxf5 Qxh5 1-0

[Event "XXV Weekend Magistrale"]
[Site "Robecchetto con Induno ITA"]
[Date "2014.12.29"]
[Round "5"]
[White "Pirrello, Christian"]
[Black "Briata, Federico"]
[WhiteElo "1862"]
[BlackElo "2041"]
[Result "1/2-1/2"]
[PlyCount "66"]
[EventDate "2014.12.26"]

1. d4 Nf6 2. c4 e6 3. Nf3 d5 4. Nc3 c6 5. cxd5 exd5 6. Bg5 Nbd7 7. e3 Qa5 8.
Qb3 Ne4 9. Bh4 Bb4 10. Rc1 Ndf6 11. Be2 Bg4 12. h3 Bh5 13. Bxf6 Nxf6 14. O-O
O-O 15. Ne5 Bxc3 16. Bxh5 Bd2 17. Bxf7+ Rxf7 18. Nxf7 Rf8 19. Ne5 Bxc1 20. Rxc1
Ne4 21. Nf3 Rf7 22. a3 Nxf2 23. Ne5 Rf8 24. Rf1 Ne4 25. Rxf8+ Kxf8 26. Qxb7
Qe1+ 27. Kh2 Qg3+ 28. Kh1 Qe1+ 29. Kh2 Qg3+ 30. Kh1 Nf2+ 31. Kg1 Nxh3+ 32. Kh1
Nf2+ 33. Kg1 Nh3+ 1/2-1/2

[Event "XXV Weekend Magistrale"]
[Site "Robecchetto con Induno ITA"]
[Date "2014.12.29"]
[Round "5"]
[White "Quirico, Paolo"]
[Black "Linder, Oliver"]
[WhiteElo "2114"]
[BlackElo "1985"]
[Result "1-0"]
[PlyCount "95"]
[EventDate "2014.12.26"]

1. c4 c5 2. g3 Nf6 3. Bg2 e5 4. Nc3 g6 5. d3 Bg7 6. Nf3 Nc6 7. Bg5 h6 8. Bxf6
Qxf6 9. O-O d6 10. Rb1 Be6 11. a3 O-O 12. Ne1 Qe7 13. Nc2 Qd7 14. Re1 f5 15.
Ne3 f4 16. Ned5 Ne7 17. Nxe7+ Qxe7 18. b4 Rab8 19. bxc5 dxc5 20. Rb5 b6 21. Bd5
Rf7 22. Bxe6 Qxe6 23. Ne4 Rbf8 24. Kg2 g5 25. h3 Qc6 26. g4 f3+ 27. exf3 Rxf3
28. Qxf3 Rxf3 29. Kxf3 Qd7 30. Re3 Qf7+ 31. Kg2 Qf4 32. Rb1 Qf8 33. Rf3 Qd8 34.
a4 Qd7 35. Ra1 Qd8 36. Ra2 Kh8 37. a5 bxa5 38. Nxc5 e4 39. Nxe4 Bd4 40. Rf5 Bb6
41. Rd5 Qf8 42. c5 Qf7 43. cxb6 Qxd5 44. bxa7 Kg7 45. Rc2 Qb7 46. Rc7+ Qxc7 47.
a8=Q Qc3 48. Nxc3 1-0

[Event "XXV Weekend Magistrale"]
[Site "Robecchetto con Induno ITA"]
[Date "2014.12.29"]
[Round "5"]
[White "Rossini, Fulvio"]
[Black "Angelini, Marco"]
[WhiteElo "1978"]
[BlackElo "2216"]
[Result "0-1"]
[PlyCount "50"]
[EventDate "2014.12.26"]

1. e4 c5 2. Nc3 e6 3. d3 Nc6 4. f4 g6 5. Nf3 Bg7 6. g3 Nge7 7. Bg2 d6 8. O-O
O-O 9. h3 Nd4 10. Ne2 Nxf3+ 11. Bxf3 Rb8 12. g4 f5 13. Ng3 b5 14. g5 e5 15. Bg2
exf4 16. Bxf4 Bxb2 17. c3 Bxa1 18. Qxa1 Rb6 19. h4 d5 20. h5 d4 21. hxg6 hxg6
22. Ne2 fxe4 23. dxe4 d3 24. Ng3 Bg4 25. Qe1 Rxf4 0-1

[Event "XXV Weekend Magistrale"]
[Site "Robecchetto con Induno ITA"]
[Date "2014.12.29"]
[Round "5"]
[White "Sbarra, Marco"]
[Black "Medici, Simone"]
[WhiteElo "2191"]
[BlackElo "2082"]
[Result "0-1"]
[PlyCount "78"]
[EventDate "2014.12.26"]

1. Nf3 f5 2. c4 Nf6 3. g3 b6 4. Bg2 Bb7 5. O-O e6 6. Nc3 Be7 7. d4 O-O 8. d5
exd5 9. cxd5 Bb4 10. Nh4 Bxc3 11. bxc3 Ne4 12. Qc2 Bxd5 13. Nxf5 Qe8 14. c4 Bb7
15. g4 Na6 16. Bb2 Rf7 17. Rad1 Nac5 18. f3 Ng5 19. e4 d6 20. Qd2 Nge6 21. Ba1
Qa4 22. Rc1 Ba6 23. Qc3 Kf8 24. Rf2 Qa5 25. Qe3 Rc8 26. h4 b5 27. cxb5 Bxb5 28.
Rd2 Qb6 29. Kh1 Nd7 30. Qa3 Qa6 31. Qc3 Ne5 32. h5 h6 33. Rb1 Bd3 34. Rbd1 Be2
35. Rc1 Nf4 36. Qe3 Nxg2 37. Kxg2 Bxf3+ 38. Kg3 Bxg4 39. Nxh6 Rf3+ 0-1

[Event "XXV Weekend Magistrale"]
[Site "Robecchetto con Induno ITA"]
[Date "2014.12.29"]
[Round "5"]
[White "Ubezio, Marco"]
[Black "Ventura, Salvatore"]
[WhiteElo "2090"]
[BlackElo "2049"]
[Result "0-1"]
[PlyCount "70"]
[EventDate "2014.12.26"]

1. d4 e6 2. g3 f5 3. Bg2 Nf6 4. c4 d5 5. Nh3 c6 6. Qc2 Bd6 7. O-O O-O 8. Bf4
Be7 9. Nd2 h6 10. f3 c5 11. dxc5 Na6 12. Nb3 Nxc5 13. cxd5 Nxb3 14. Qxb3 Qxd5
15. Be3 e5 16. Qc3 Qe6 17. Bc5 Bxc5+ 18. Qxc5 Bd7 19. Rfd1 Rfc8 20. Qa3 Qb6+
21. Kf1 Rc2 22. Rab1 Rac8 23. Nf2 Bb5 24. Qb3+ Kh8 25. Re1 Qa6 26. Nd3 Rd2 27.
Rbc1 Rxc1 28. Rxc1 Bxd3 29. Rc8+ Kh7 30. exd3 Rxd3 31. Qc4 Qd6 32. Bh3 Rd1+ 33.
Kf2 Qd2+ 34. Qe2 Qd4+ 35. Kg2 Qg1# 0-1